00774nam a2200205 a 450000100100000000500170001000800410002704000250006808200240009310000250011724500410014225000110018326000380019430000210023265000310025365000350028491000370031995201950035699900170055100003498820200930074030.0111024s1972 ag 000 0 spa d aDO-SdBNPbspacBNPHU a813.54bB798v, 19721 aBradbury, Ray94711113aEl vino del estío /cRay Bradbury. a5a ed. aBuenos Aires :bMinotauro,c1972. a321 p. ;c21 cm. 4aNovela estadounidense9262 4aLiteratura estadounidense9263 aValidado. Control de calidad MFF 001050718MOaGRbGRcHDd2011-10-24iLF1l0o813.54 B798v, 1972p34988-10r2020-06-25w2020-06-25y1zPerteneció a la biblioteca personal de Juan Isidro Jimenes Grullón.ZNo se presta c34479d34479